000 00739nam a22002292 4500
001 0000020588
005 20151217145925.0
008 110926s xx 000 0 eng d
020 _a8176490903 :
040 _aKABU
_cKABU
100 1 _aRace, Phil.
_@0000157897
245 1 0 _aHow to get a good degree :
_bmaking the most of your time at university /
_cPhil Race.
250 _a1st ed.
260 _aNew Delhi :
_bViva Books,
_c1999.
300 _ax, 258 p.
650 0 _aCollege student orientation.
_@0000071833
650 0 _aStudy skills.
_@0000153594
852 1 _9p620 KES
852 1 _9p620 KES
908 _a110926
950 _@1
999 _c4138
_d4138